Synthesis, Characterization and Thermal/Kinetic Studies of Nano Energetic Al-Metal Oxides Thermite System / (Record no. 534222)
[ view plain ]
| 000 -LEADER | |
|---|---|
| fixed length control field | 00571nam a22001577a 4500 |
| 020 ## - INTERNATIONAL STANDARD BOOK NUMBER | |
| Qualifying information | Hard Cover. |
| 082 ## - DEWEY DECIMAL CLASSIFICATION NUMBER | |
| Classification number | 620.11 |
| 100 ## - MAIN ENTRY--PERSONAL NAME | |
| Personal name | Muhammad Asif Khan. |
| 245 ## - TITLE STATEMENT | |
| Title | Synthesis, Characterization and Thermal/Kinetic Studies of Nano Energetic Al-Metal Oxides Thermite System / |
| Statement of responsibility, etc. | Muhammad Asif Khan. |
| 260 ## - PUBLICATION, DISTRIBUTION, ETC. | |
| Place of publication, distribution, etc. | Islamabad : |
| Name of publisher, distributor, etc. | SCME - NUST, |
| Date of publication, distribution, etc. | 2013. |
| 300 ## - PHYSICAL DESCRIPTION | |
| Extent | xiv, 58 p. : ill. ; |
| Dimensions | 30cm. |
| 942 ## - ADDED ENTRY ELEMENTS (KOHA) | |
| Source of classification or shelving scheme | |
| Koha item type | Thesis |
| 650 ## - SUBJECT ADDED ENTRY--TOPICAL TERM | |
| Topical term or geographic name entry element | Energetic Materials Engineering MS-Thesis |
| 700 ## - ADDED ENTRY--PERSONAL NAME | |
| Personal name | Dr. Habib Nasir. |
| 650 ## - SUBJECT ADDED ENTRY--TOPICAL TERM | |
| -- | 28358 |
| 700 ## - ADDED ENTRY--PERSONAL NAME | |
| -- | 16070 |
| Withdrawn status | Lost status | Source of classification or shelving scheme | Damaged status | Not for loan | Permanent Location | Current Location | Shelving location | Date acquired | Total Checkouts | Full call number | Barcode | Date last seen | Price effective from | Koha item type |
|---|---|---|---|---|---|---|---|---|---|---|---|---|---|---|
| Central Library (CL) | Central Library (CL) | Thesis | 02/09/2020 | 620.11 | CL-T-5018 | 02/09/2020 | 02/09/2020 | Thesis | ||||||
| Central Library (CL) | Central Library (CL) | Thesis | 02/27/2020 | 620.11 | CL-T-5233 | 02/27/2020 | 02/27/2020 | Thesis |
